Подробности
| 000 -МАРКЕР |
| контрольное поле |
01102nam2a22002531 4500 |
| 001 - ИДЕНТИФИКАТОР ЗАПИСИ |
| контрольное поле |
rc\4746659 |
| 005 - ИДЕНТИФИКАТОР ВЕРСИИ |
| контрольное поле |
20260406095643.0 |
| 035 ## - ДРУГИЕ СИСТЕМНЫЕ НОМЕРА |
| Идентификатор записи |
(NLR Aleph) 008998177 |
| 100 ## - ДАННЫЕ ОБЩЕЙ ОБРАБОТКИ |
| Данные общей обработки |
20130417d1958 u y0rusy50 ca |
| 101 0# - ЯЗЫК РЕСУРСА |
| Язык текста, звукозаписи и т.д. |
русский |
| 102 ## - СТРАНА ПУБЛИКАЦИИ ИЛИ ПРОИЗВОДСТВА |
| Страна публикации |
Российская Федерация |
| 105 ## - ПОЛЕ КОДИРОВАННЫХ ДАННЫХ: ТЕКСТОВЫЕ МАТЕРИАЛЫ, МОНОГРАФИЧЕСКИЕ |
| Кодированные данные о монографическом текстовом документе |
y z ||||| |
| 200 1# - ЗАГЛАВИЕ И СВЕДЕНИЯ ОБ ОТВЕТСТВЕННОСТИ |
| Основное заглавие |
Главнейшие вредители и болезни виноградной лозы |
| 210 ## - ПУБЛИКАЦИЯ, РАСПРОСТРАНЕНИЕ И ДР. |
| Место издания, распространения и т.д. |
Симферополь] |
| Имя издателя, распространителя и т. д. |
Крымиздат |
| Дата издания, распространения и т.д. |
1958 |
| 461 #0 - УРОВЕНЬ НАБОРА |
| Встроенное поле |
001rc\4746644 |
| -- |
2001#$aБиблиотечка крымского виноградаря$v[15] |
| Системный номер (АБИС) связанной записи |
9289870 |
| Место публикации |
Симферополь] |
| Дата публикации |
1958 |
| Издание |
[2-е изд., перераб. и доп.]. [1-19 |
| Имя издателя, распространителя и т.д. |
Крымиздат |
| Физическая характеристика |
19 бр. в обл.-папке |
| Заглавие |
Библиотечка крымского виноградаря |
| Номер тома |
[15] |
| 700 #1 - ИМЯ ЛИЦА - ПЕРВИЧНАЯ ОТВЕТСТВЕННОСТЬ |
| Начальный элемент ввода |
Засс |
| Часть имени, кроме начального элемента ввода |
Е. К. |
| 701 #1 - ИМЯ ЛИЦА - АЛЬТЕРНАТИВНАЯ ОТВЕТСТВЕННОСТЬ |
| Графика поля |
Кириллица |
| Материалы, к которым относится поле |
rus |
| Начальный элемент ввода |
Николаев |
| Часть имени, кроме начального элемента ввода |
П. И. |
| Дополнения к именам, кроме дат |
канд. биол. наук |
| Расширение инициалов личного имени |
Петр Иванович |
| Идентификатор авторитетной/нормативной записи |
RU\NLR\AUTH\770288061 |
| Системный номер авторитетной/нормативной записи |
2690980 |
| 801 #0 - ИСТОЧНИК ЗАПИСИ |
| Страна |
Российская Федерация |
| Организация |
NLR |
| Правила каталогизации |
psbo |
| 801 #1 - ИСТОЧНИК ЗАПИСИ |
| Страна |
Российская Федерация |
| Организация |
ELAR |
| Источник данных |
rusmarc |
| 852 ## - МЕСТОНАХОЖДЕНИЕ И ШИФР ХРАНЕНИЯ |
| Идентификатор организации |
NLR |
| Шифр хранения (Call Number) |
58-2/1146 |
| 942 ## - ДОПОЛНИТЕЛЬНЫЕ ЭЛЕМЕНТЫ ЗАПИСИ (АБИС) |
| Тип экземпляра АБИС |
Книга |
| 980 ## - КОЛЛЕКЦИЯ |
| Название коллекции |
Национальная библиография |